| 000 | 00863nam a2200193Ia 4500 | ||
|---|---|---|---|
| 003 | Ost | ||
| 005 | 20260507075114.0 | ||
| 008 | 260507s9999||||xx |||||||||||||| ||und|| | ||
| 040 | _cfsecg | ||
| 041 | _aara | ||
| 100 |
_aحسن، سوزان علي _eمؤلف |
||
| 245 | 0 |
_aالأجهزة والمنظمات السياحية / _c سوزان علي حسن |
|
| 260 |
_aالاسكندرية: _bدار الجامعة الجديدة للنشر, _c2002 |
||
| 300 |
_a146 صفحة؛ _c24 سم |
||
| 490 | _aالمكتبة القانونية | ||
| 520 | _aالأجهزة السياحية في مصر،الوزارة والهيئات والمجالس السياحية،الغرف السياحية واتحاداتها،الشركات والمكاتب السياحية وشرطة السياحة والآثار | ||
| 653 | _aالسياحة-مصر | ||
| 942 | _cكتاب | ||
| 999 |
_c42974 _d42974 |
||